[Event "AUTO-ADV-1160"]
[Site "http://www.queenalice.com/game.php?id=513677"]
[Date "2008.12.28"]
[Round "1"]
[White "msfvaladares"]
[Black "romerov"]
[Result "0-1"]
[WhiteElo "1837"]
[BlackElo "1829"]

1. c4 f5 2. Nc3 Nf6 3. Nf3 c6 4. d4 e6 5. Bg5 Be7 6. e3 d5 7. Be2 O-O 8. O-O Ne4
9. Bxe7 Qxe7 10. Nxe4 fxe4 11. Ne5 Nd7 12. Nxd7 Bxd7 13. Rc1 Rf6 14. a3 Rh6 15.
Bg4 Qh4 16. h3 Re8 17. g3 Qe7 18. cxd5 exd5 19. f4 exf3 20. Qxf3 Bxg4 21. hxg4
Qxe3+ 22. Qxe3 Rxe3 23. Rce1 Rhe6 24. Kf2 Rxe1 25. Rxe1 Rxe1 26. Kxe1 Kf7 27.
Ke2 Kf6 28. Ke3 Kg5 29. Kf3 h6 30. b3 b6 31. b4 a6 32. a4 g6 33. a5 bxa5 34.
bxa5 Kf6 35. Kf4 Ke6 36. g5 h5 37. g4 h4 38. Ke3 Kd6 0-1

[Event "AUTO-ADV-1160"]
[Site "http://www.queenalice.com/game.php?id=513678"]
[Date "2008.12.28"]
[Round "1"]
[White "romerov"]
[Black "msfvaladares"]
[Result "0-1"]
[WhiteElo "1786"]
[BlackElo "1853"]

1. d4 Nf6 2. c4 g6 3. Nc3 Bg7 4. e4 d6 5. f3 O-O 6. Be3 Nbd7 7. Qd2 c5 8. d5 a6
9. Bh6 Ne5 10. Bxg7 Kxg7 11. h4 h5 12. Bd3 Nxd3+ 13. Qxd3 Bd7 14. Nge2 Rb8 15.
O-O-O b5 16. Rdg1 bxc4 17. Qd2 a5 18. g4 hxg4 19. fxg4 Bxg4 20. Ng3 Rh8 21. Qf4
Qb6 22. Rh2 Rxh4 23. Rxh4 Qxb2# 0-1

[Event "AUTO-ADV-1160"]
[Site "http://www.queenalice.com/game.php?id=513679"]
[Date "2008.12.28"]
[Round "1"]
[White "msfvaladares"]
[Black "pedrogarciass"]
[Result "0-1"]
[WhiteElo "1844"]
[BlackElo "1873"]

1. c4 e5 2. Nc3 Bb4 3. g3 Bxc3 4. bxc3 a5 5. Bg2 c6 6. Nf3 d6 7. O-O h6 8. c5
Qf6 9. cxd6 Qxd6 10. a4 Bg4 11. Qb3 Nd7 12. Ba3 c5 13. d4 Be6 14. Qxb7 Rb8 15.
Qe4 Ngf6 16. Qc2 exd4 17. cxd4 O-O 18. dxc5 Qd5 19. c6 Rfc8 20. c7 Rb6 21. Nh4
Qe5 22. Rfd1 Ne8 23. Qe4 Qxc7 24. Rac1 Qb8 25. Rxc8 Qxc8 26. Qa8 Qxa8 27. Bxa8
Nef6 28. Rc1 Rb8 29. Bc6 Rb3 30. Be7 Ne5 31. Bb5 Ne4 32. Rd1 Nc3 33. Rd8+ Kh7
34. Bd3+ Nxd3 35. exd3 Bd5 36. Rxd5 Nxd5 37. Bd8 Rb4 38. Bxa5 Rxa4 39. Be1 Ra1
40. Nf3 Rd1 41. d4 Nc3 42. Kg2 Ne2 43. Bb4 Nxd4 44. Nxd4 Rxd4 45. Bc5 Rc4 46.
Be3 g5 47. f4 g4 48. Ba7 f5 49. h4 h5 50. Bb6 Kg6 51. Bd8 Kf7 52. Kf2 Rc2+ 53.
Kf1 Ke6 54. Ba5 Kd5 55. Be1 Ke4 56. Bf2 Kf3 0-1

[Event "AUTO-ADV-1160"]
[Site "http://www.queenalice.com/game.php?id=513680"]
[Date "2008.12.28"]
[Round "1"]
[White "pedrogarciass"]
[Black "msfvaladares"]
[Result "1-0"]
[WhiteElo "2033"]
[BlackElo "1845"]

1. Nf3 Nf6 2. g3 d5 3. Bg2 Nc6 4. d4 Bg4 5. h3 Bf5 6. Bf4 e6 7. O-O Bd6 8. Bg5
O-O 9. a3 Be7 10. Ne5 Nxe5 11. dxe5 Nd7 12. Bxe7 Qxe7 13. f4 Nc5 14. Nc3 Nd7 15.
Kh2 a6 16. b4 c5 17. bxc5 Qxc5 18. Na4 Qxc2 19. Qxc2 Bxc2 20. Nc3 Rfc8 21. Nd1
Nc5 22. Rf3 Be4 23. Rc3 Bxg2 24. Kxg2 Ne4 25. Rxc8+ Rxc8 26. Nf2 Nxf2 27. Kxf2
Rc2 28. a4 d4 29. Rd1 Rc4 30. a5 Kf8 31. e3 Ra4 32. exd4 Rxa5 33. d5 Rxd5 34.
Rxd5 exd5 35. Ke3 Ke7 36. Kd4 Ke6 37. g4 g6 38. h4 a5 39. Kc5 a4 40. Kb4 b5 41.
h5 d4 42. hxg6 hxg6 43. g5 Kf5 44. e6 fxe6 45. Kxb5 d3 46. Kxa4 1-0

[Event "AUTO-ADV-1160"]
[Site "http://www.queenalice.com/game.php?id=513681"]
[Date "2008.12.28"]
[Round "1"]
[White "msfvaladares"]
[Black "orinto"]
[Result "1-0"]
[WhiteElo "1869"]
[BlackElo "1876"]

1. c4 Nf6 2. Nc3 e6 3. d4 d5 4. Bg5 Bb4 5. e3 c6 6. Nf3 Nbd7 7. cxd5 cxd5 8. Bb5
a6 9. Bd3 O-O 10. O-O Qa5 11. Ne2 b5 12. Bc2 Bb7 13. Ng3 Rac8 14. a3 Bd6 15.
Bxf6 Nxf6 16. Ne5 Qc7 17. Rc1 Qb8 18. Qd3 g6 19. h4 Bxe5 20. dxe5 Qxe5 21. b4
Rc3 22. f4 Qxe3+ 23. Qxe3 Rxe3 24. Rf3 d4 25. Rxe3 dxe3 26. Bb3 Ng4 27. Rc7 Bc8
28. Bd1 Nf2 29. Bf3 h5 30. Ne4 Nd3 31. Nd6 Nxf4 32. Rxc8 e2 33. Kf2 e1=Q+ 34.
Kxe1 Nd3+ 35. Kd2 Ne5 36. Rxf8+ Kxf8 37. Bb7 Ke7 38. Ne4 Nc4+ 39. Kc3 Nxa3 40.
Bxa6 Nc4 41. Bxb5 Ne3 42. g3 f6 43. Bd3 Nd5+ 44. Kc4 Ne3+ 45. Kc5 Nd5 46. b5 f5
47. Nd6 e5 48. Bc4 Nc7 49. b6 Kd7 50. b7 1-0

[Event "AUTO-ADV-1160"]
[Site "http://www.queenalice.com/game.php?id=513682"]
[Date "2008.12.28"]
[Round "1"]
[White "orinto"]
[Black "msfvaladares"]
[Result "0-1"]
[WhiteElo "1859"]
[BlackElo "1831"]

1. d4 Nf6 2. c4 g6 3. Nc3 Bg7 4. e4 d6 5. Nf3 O-O 6. Be2 Nbd7 7. O-O c5 8. d5
Ne8 9. Bg5 Ne5 10. Qc2 a6 11. h3 Rb8 12. a4 Bd7 13. a5 b5 14. cxb5 axb5 15. Rfe1
b4 16. Na4 Qxa5 17. Bxe7 b3 18. Qc1 Bxa4 19. Bxf8 Bxf8 20. Nxe5 dxe5 21. Bc4 Nd6
22. Re3 Nxc4 23. Qxc4 Rb4 24. Qc3 c4 25. Qxe5 Qb6 26. Rc3 Bg7 27. Qe8+ Bxe8 0-1

[Event "AUTO-INT-1149"]
[Site "http://www.queenalice.com/game.php?id=513711"]
[Date "2008.12.28"]
[Round "1"]
[White "Catamarca"]
[Black "msfvaladares"]
[Result "0-1"]
[WhiteElo "1367"]
[BlackElo "1791"]

1. d4 Nf6 2. Bf4 g6 3. c4 Bg7 4. Nc3 d5 5. c5 O-O 6. h4 Nc6 7. Nf3 Ne4 8. h5
Nxc3 9. bxc3 Bg4 10. hxg6 fxg6 11. e3 e5 12. dxe5 Nxe5 13. Bg5 Nxf3+ 14. gxf3
Bxc3+ 15. Ke2 Bxf3+ 16. Kd3 Bxd1 17. Bxd8 Bxa1 18. Bxc7 Bf3 19. Rg1 Be4+ 0-1

[Event "AUTO-INT-1149"]
[Site "http://www.queenalice.com/game.php?id=513712"]
[Date "2008.12.28"]
[Round "1"]
[White "msfvaladares"]
[Black "Catamarca"]
[Result "0-1"]
[WhiteElo "1781"]
[BlackElo "1499"]

1. c4 d6 2. Nc3 g6 3. d4 Bg7 4. Nf3 Nf6 5. e4 O-O 6. Be2 b6 7. O-O Bb7 8. Bf4
Bxe4 9. Nxe4 Nxe4 10. Rc1 Nf6 11. c5 dxc5 12. dxc5 Qxd1 13. Rfxd1 Nbd7 14. c6
Nc5 15. Bc4 e6 16. Ne5 Nh5 17. Be3 Bxe5 18. b4 Na4 19. Be2 Rad8 20. Rd7 Nc3 21.
Bc4 Ne4 22. f3 Nef6 23. Rcd1 Nxd7 24. cxd7 Bd6 25. Bb5 Nf6 26. Bg5 Kg7 27. a3 h6
28. Be3 Nxd7 29. Bd4+ f6 30. Bc3 Nb8 31. g3 a6 0-1

[Event "AUTO-INT-1149"]
[Site "http://www.queenalice.com/game.php?id=513727"]
[Date "2008.12.28"]
[Round "1"]
[White "saturnin"]
[Black "msfvaladares"]
[Result "0-1"]
[WhiteElo "1706"]
[BlackElo "1742"]

1. Nc3 Nf6 2. e4 e5 3. d4 exd4 4. Qxd4 Nc6 5. Qd2 Bb4 6. Qe3 O-O 7. Bd2 Re8 8.
f3 d5 9. Bb5 d4 10. Qd3 dxc3 11. Bxc3 Qxd3 12. Ne2 Qxb5 13. Bxb4 Qxb4+ 0-1

[Event "AUTO-INT-1149"]
[Site "http://www.queenalice.com/game.php?id=513728"]
[Date "2008.12.28"]
[Round "1"]
[White "msfvaladares"]
[Black "saturnin"]
[Result "1-0"]
[WhiteElo "1815"]
[BlackElo "1640"]

1. c4 e5 2. Nc3 d6 3. d3 c5 4. g3 Be6 5. Bg2 Qc7 6. e3 Nc6 7. Nge2 Nf6 8. O-O
Be7 9. f4 O-O 10. f5 Bd7 11. Nd5 Nxd5 12. Bxd5 b6 13. Nc3 Qc8 14. Bg2 Bg5 15. a3
Bxf5 16. Rxf5 Qxf5 17. Bxc6 Rab8 18. Be4 Qh3 19. Bg2 Qe6 20. Qh5 h6 21. h4 Be7
22. Nd5 Bd8 23. e4 f5 24. Bh3 g5 25. hxg5 hxg5 26. Bxg5 Rf7 27. Rf1 Rh7 28.
Qxh7+ Kf8 29. Rxf5+ 1-0

[Event "AUTO-INT-1149"]
[Site "http://www.queenalice.com/game.php?id=513739"]
[Date "2008.12.28"]
[Round "1"]
[White "msfvaladares"]
[Black "ASB_enxadrista"]
[Result "1-0"]
[WhiteElo "1860"]
[BlackElo "1646"]

1. c4 Nf6 2. Nc3 g6 3. d4 Bg7 4. e4 d6 5. Nf3 Nbd7 6. Bd3 O-O 7. O-O c5 8. d5
Nb6 9. Bg5 e6 10. a3 a5 11. Nb5 Re8 12. Be2 Qe7 13. dxe6 Qxe6 14. Nc7 Qxe4 15.
Re1 Qc6 16. Nxe8 Nxe8 17. Qd2 Be6 18. Rac1 Nc7 19. Red1 Ne8 20. b3 Nc8 21. Bf4
b6 22. Ne1 Ra7 23. Bf3 Qd7 24. b4 Bxc4 25. Rxc4 Qf5 26. bxc5 bxc5 27. h3 Re7 28.
Bg4 Rxe1+ 29. Qxe1 Bc3 30. Qxe8+ 1-0

[Event "AUTO-INT-1149"]
[Site "http://www.queenalice.com/game.php?id=513740"]
[Date "2008.12.28"]
[Round "1"]
[White "ASB_enxadrista"]
[Black "msfvaladares"]
[Result "1-0"]
[WhiteElo "1667"]
[BlackElo "1871"]

1. e4 d6 2. d4 Nf6 3. Nc3 g6 4. Nf3 Bg7 5. Be3 O-O 6. Bd3 c5 7. Qd2 Nbd7 8.
O-O-O cxd4 9. Nxd4 a5 10. h4 Ne5 11. Be2 a4 12. a3 Neg4 13. Nf5 Nxe3 14. Nxe3
Bh6 15. h5 Ng4 16. Bxg4 Bxg4 17. Rdg1 Bg7 18. Nxg4 Qc8 19. Nh6+ Kh8 20. g4 Bxc3
21. Qxc3+ Qxc3 22. bxc3 Kg7 23. hxg6 hxg6 24. f4 Rh8 25. g5 f6 26. Ng4 Rxh1 27.
gxf6+ exf6 28. Rxh1 Rh8 29. Rxh8 Kxh8 30. Nxf6 Kg7 31. Nd5 Kf7 32. Kd2 Ke6 33.
Ke3 Kd7 34. c4 Ke6 35. Kf3 Kf7 36. Kg4 1-0

[Event "AUTO-OPEN-1384"]
[Site "http://www.queenalice.com/game.php?id=514131"]
[Date "2008.12.29"]
[Round "1"]
[White "msfvaladares"]
[Black "jw16js"]
[Result "1-0"]
[WhiteElo "1849"]
[BlackElo "1530"]

1. e4 Nc6 2. d4 Nf6 3. d5 Ne5 4. Nc3 d6 5. Bg5 Bg4 6. f3 Bd7 7. h3 h6 8. Bxf6
gxf6 9. Qd4 Bc8 10. O-O-O c5 11. dxc6 bxc6 12. f4 Nd7 13. Nf3 Rg8 14. e5 fxe5
15. fxe5 Bg7 16. Qe4 dxe5 17. Qxc6 Qc7 18. Qxc7 f6 19. Bb5 Kf7 20. Bxd7 Bxd7 21.
Rxd7 Rge8 22. Nd5 Bf8 23. Nh4 Ke6 24. Ng6 Kf5 25. Nxf8 Rxf8 26. Nxe7+ Kf4 27.
Ng6+ Kg3 28. Nxf8 Rxf8 29. Rg7+ Kf4 30. Qc4+ Ke3 31. Re1+ Kf2 32. Qf1# 1-0

[Event "AUTO-OPEN-1384"]
[Site "http://www.queenalice.com/game.php?id=514132"]
[Date "2008.12.29"]
[Round "1"]
[White "jw16js"]
[Black "msfvaladares"]
[Result "0-1"]
[WhiteElo "1525"]
[BlackElo "1836"]

1. Nf3 Nf6 2. Nc3 Nc6 3. d3 e5 4. Bg5 Bb4 5. Bd2 O-O 6. Ne4 Nxe4 7. c3 Nxd2 8.
Qxd2 Bc5 9. b4 Bb6 10. e4 d6 11. b5 Ne7 12. a4 a6 13. a5 Ba7 14. bxa6 bxa6 15.
Qg5 Ng6 16. Qd2 Bg4 17. Be2 Nf4 18. h3 Nxg2+ 19. Kf1 Bxf3 20. Bxf3 Nf4 21. d4
Qf6 22. d5 Nxd5 23. Kg2 Nf4+ 24. Kf1 Rab8 25. Ke1 Rb7 26. Bg4 Rfb8 27. Qc2 Rb2
28. Qa4 Nd3+ 29. Kf1 Qxf2# 0-1

[Event "AUTO-OPEN-1384"]
[Site "http://www.queenalice.com/game.php?id=514133"]
[Date "2008.12.29"]
[Round "1"]
[White "msfvaladares"]
[Black "dante72"]
[Result "0-1"]
[WhiteElo "1805"]
[BlackElo "1848"]

1. e4 e5 2. Nf3 d6 3. Bc4 c6 4. Nc3 h6 5. O-O Ne7 6. d4 Ng6 7. dxe5 Bg4 8. exd6
Qxd6 9. Qxd6 Bxd6 10. Nd4 O-O 11. Re1 Bc5 12. Be3 Nd7 13. f3 Be6 14. Nxe6 Bxe3+
15. Rxe3 Rfc8 16. Nd4 Nde5 17. Bb3 Nf4 18. Nce2 Nxe2+ 19. Nxe2 Rd8 20. f4 Ng4
21. Rd3 c5 22. Rxd8+ Rxd8 23. Bd5 b6 24. Nc3 Ne3 0-1

[Event "AUTO-OPEN-1384"]
[Site "http://www.queenalice.com/game.php?id=514134"]
[Date "2008.12.29"]
[Round "1"]
[White "dante72"]
[Black "msfvaladares"]
[Result "1-0"]
[WhiteElo "1832"]
[BlackElo "1821"]

1. d4 Nf6 2. Nc3 g6 3. e3 Bg7 4. f4 d5 5. Nf3 O-O 6. Bd3 Nbd7 7. O-O c5 8. Ne5
cxd4 9. exd4 Nb6 10. Ne2 Nbd7 11. c3 Nb6 12. Ng3 Nfd7 13. Be3 Nxe5 14. fxe5 Nc4
15. Bxc4 dxc4 16. Ne4 b5 17. Qd2 Re8 18. Qf2 Bb7 19. Qxf7+ Kh8 20. Nc5 Bd5 21.
Qf4 Rf8 22. Qg3 e6 23. Bg5 Qc7 24. Rxf8+ 1-0

[Event "AUTO-OPEN-1384"]
[Site "http://www.queenalice.com/game.php?id=514135"]
[Date "2008.12.29"]
[Round "1"]
[White "msfvaladares"]
[Black "rsgaspar"]
[Result "1-0"]
[WhiteElo "1814"]
[BlackElo "1772"]

1. e4 e5 2. Nf3 Nc6 3. Bb5 d6 4. d4 exd4 5. Nxd4 Bd7 6. Nxc6 Bxc6 7. Bxc6+ bxc6
8. O-O h6 9. Re1 Be7 10. e5 d5 11. e6 Nf6 12. exf7+ Kxf7 13. Bf4 Bd6 14. Bxd6
Qxd6 15. Nc3 Rhe8 16. Qf3 Kg8 17. a3 d4 18. Ne4 Nxe4 19. Rxe4 Rxe4 20. Qxe4 Rf8
21. Re1 Kh8 22. Qe6 Qf4 23. f3 Qd2 24. Qe2 Qf4 25. Qd3 c5 26. b3 Qd6 27. Re4 c6
28. Qe2 Rf7 29. Re8+ Kh7 30. Qe4+ g6 31. Re6 Qd7 32. Qxg6+ Kh8 33. Qxh6+ Rh7 34.
Qf8# 1-0

[Event "AUTO-OPEN-1384"]
[Site "http://www.queenalice.com/game.php?id=514136"]
[Date "2008.12.29"]
[Round "1"]
[White "rsgaspar"]
[Black "msfvaladares"]
[Result "0-1"]
[WhiteElo "1767"]
[BlackElo "1779"]

1. d4 Nf6 2. c4 g6 3. e3 Bg7 4. Nf3 d6 5. h3 Nbd7 6. Be2 O-O 7. Nc3 c5 8. d5 a6
9. b3 Ne4 10. Nxe4 Bxa1 11. Bd2 Bg7 12. O-O Ne5 13. Nfg5 h6 14. f4 hxg5 15. fxe5
Bxe5 16. Nxg5 Kg7 17. e4 Bd7 18. Qe1 b5 19. Bc3 Bxc3 20. Qxc3+ f6 21. Bg4 Bxg4
22. hxg4 Qb6 23. Ne6+ Kg8 24. Nxf8 Rxf8 25. g5 bxc4 26. bxc4 Qb4 27. gxf6 Qxc3
0-1

[Event "Torneo Colombia "]
[Site "http://www.queenalice.com/game.php?id=516989"]
[Date "2009.1.4"]
[Round "1"]
[White "Retiarius"]
[Black "msfvaladares"]
[Result "1-0"]
[WhiteElo "1725"]
[BlackElo "1887"]

1. e4 d6 2. d4 Nf6 3. Nc3 g6 4. Nf3 Bg7 5. Be2 O-O 6. O-O Nbd7 7. e5 dxe5 8.
dxe5 Ng4 9. e6 fxe6 10. Ng5 Nxf2 11. Rxf2 Rxf2 12. Nxe6 Qe8 13. Nxc7 Qf7 14.
Nxa8 1-0

[Event "Challenge"]
[Site "http://www.queenalice.com/game.php?id=530227"]
[Date "2009.1.27"]
[Round "-"]
[White "lajoie"]
[Black "msfvaladares"]
[Result "1-0"]
[WhiteElo "1835"]
[BlackElo "1863"]

1. e4 d6 2. d4 g6 3. Nc3 Nf6 4. Nf3 Bg7 5. Be2 O-O 6. O-O Nbd7 7. e5 dxe5 8.
dxe5 Ng4 9. e6 Nde5 10. exf7+ Rxf7 11. Qxd8+ 1-0

[Event "Challenge"]
[Site "http://www.queenalice.com/game.php?id=538411"]
[Date "2009.2.11"]
[Round "-"]
[White "juarid"]
[Black "msfvaladares"]
[Result "1-0"]
[WhiteElo "2019"]
[BlackElo "1788"]

1. e4 d6 2. Nc3 Nf6 3. d4 g6 4. Bc4 Bg7 5. Nf3 O-O 6. h3 Nbd7 7. Bg5 c5 8. Qd2
Re8 9. Bh6 Bh8 10. e5 dxe5 11. dxe5 Nb6 12. Bb5 Qxd2+ 13. Nxd2 Nfd7 14. f4 a6
15. Be2 f6 16. Nc4 fxe5 17. fxe5 Nxc4 18. Bxc4+ e6 19. O-O Nxe5 20. Be2 b5 21.
Ne4 Bb7 22. Nd6 Re7 23. Nxb7 Rxb7 24. Rad1 Rd7 25. Rxd7 1-0

[Event "Challenge"]
[Site "http://www.queenalice.com/game.php?id=538412"]
[Date "2009.2.11"]
[Round "-"]
[White "msfvaladares"]
[Black "juarid"]
[Result "0-1"]
[WhiteElo "1804"]
[BlackElo "1981"]

1. e4 c5 2. Nf3 Nc6 3. d4 cxd4 4. Nxd4 Nf6 5. Nc3 e6 6. Nxc6 bxc6 7. Bg5 Be7 8.
e5 Nd5 9. Bxe7 Qxe7 10. Ne4 Qb4+ 11. Nd2 Qxb2 12. Nc4 Qc3+ 0-1

[Event "Torneo Colombia "]
[Site "http://www.queenalice.com/game.php?id=554285"]
[Date "2009.3.11"]
[Round "2"]
[White "msfvaladares"]
[Black "Undertaker"]
[Result "0-1"]
[WhiteElo "1797"]
[BlackElo "1975"]

1. c4 e5 2. Nc3 Nc6 3. g3 Nf6 4. Bg2 Bc5 5. e4 d6 6. d3 h6 7. Nge2 Ng4 8. O-O
Be6 9. Nd5 Bxd5 10. cxd5 Nd4 11. Nxd4 Bxd4 12. Qxg4 Qf6 13. Kh1 g6 14. Rb1 h5
15. Qe2 h4 16. Be3 h3 17. Bf3 Bb6 18. Bxb6 axb6 19. a3 Ra4 0-1

[Event "Challenge"]
[Site "http://www.queenalice.com/game.php?id=559776"]
[Date "2009.3.22"]
[Round "-"]
[White "codcam"]
[Black "msfvaladares"]
[Result "0-1"]
[WhiteElo "1265"]
[BlackElo "1795"]

1. e4 d6 2. Qf3 Nf6 3. Nc3 g6 4. d4 Bg7 5. h3 O-O 6. Bg5 Nbd7 7. Bf4 c5 8. d5 a6
9. h4 b5 10. Nh3 Nb6 11. Qg3 b4 12. Nd1 Nxe4 13. Qe3 Nf6 14. c3 Nfxd5 15. Qf3
bxc3 16. bxc3 Bxh3 17. gxh3 Nxf4 18. Qxf4 Nd5 19. Qg3 Qa5 20. Rc1 Be5 21. Qf3
Qxa2 22. Rg1 Bf4 23. c4 Qd2# 0-1